Geometric transformations
Αποθηκεύτηκε σε:
| Κύριος συγγραφέας: | |
|---|---|
| Άλλοι συγγραφείς: | , |
| Μορφή: | Βιβλίο |
| Γλώσσα: | English Russian |
| Δημοσίευση: |
New York :
Random House,
1962-1973.
|
| Σειρά: | New mathematical library ;
8, 24 |
| Θέματα: | |
| Ετικέτες: |
Προσθήκη ετικέτας
Δεν υπάρχουν, Καταχωρήστε ετικέτα πρώτοι!
|
MARC
| LEADER | 00000cam a2200000 i 4500 | ||
|---|---|---|---|
| 001 | 1/9034 | ||
| 008 | 100707m19731962nyu| ||| |||| ||eng|| | ||
| 035 | |l 10108483 | ||
| 040 | |a GR-MyUA |b gre |e AACR2 | ||
| 041 | 1 | |a eng |h rus | |
| 082 | 0 | |a 516.1 |2 (22) | |
| 100 | 1 | |a IAglom, I. M. |q (Isaak Moiseevich), |d 1921-1988. | |
| 245 | 1 | 0 | |a Geometric transformations / |c by I. M. Yaglom ; translated from the Russian by Allen Shields, Abe Shenitzer. |
| 260 | |a New York : |b Random House, |c 1962-1973. | ||
| 300 | |a 2 τ. : |b εικ. ; |c 23 εκ. | ||
| 490 | 1 | |a (New mathematical library |v ; 8, 24) | |
| 505 | 0 | |a Τ.1 Geometric transformations II. -- Τ. 3. Geometic transformations III. | |
| 650 | 0 | 0 | |a Transformations (Mathematics) |
| 700 | 1 | |a Shields, Allen, |e trl | |
| 700 | 1 | |a Shenitzer, Abe, |e trl | |
| 830 | 0 | |a New mathematical library ; |v 8, 24 | |
| 852 | |a INST |b SAMOS |c MAG |e 20100707 |h 516.1 IAG |p 005300031559 |q 005300031559 |t BK |v τ.1: |y 0 |z τ.1 | ||
| 852 | |a INST |b SAMOS |c MAG |e 20110301 |h 516.1 IAG |p 005300032983 |q 005300032983 |t BK |v τ.3: |y 0 |z τ.3 | ||
| 852 | |a INST |b SAMOS |c MAG |e 20220518 |h 516.1 IAG |p 005300035503 |q 005300035503 |t BK |v τ.2: |y 0 | ||
| 853 | |a INST |b SAMOS |c MAG |h 516.1 IAG | ||
| 901 | |a BIBL3-2011-1 | ||
| 901 | |a BIBL3-2010-2 | ||
| 909 | |a Σ |b 166287 | ||
| 909 | |a Σ |b 162632 | ||
| 970 | |a ΣΙΤΖΙΜΗ |b ΓΙΑΣΕΜΗ |z 2010/07/07 | ||